00252 a2200121 4500001000700000020000600007040001100013100002100024240003500045245003000080362000900110440001100119179763 a  cMagnum aFerreiro, Emilia10aAlfabetizacao em processolpor10aAlfabetizacao em processo0 a1899 1aCortez